| 000 | 01776cam a22004934i 4500 | ||
|---|---|---|---|
| 003 | PE-LiUPU | ||
| 005 | 20250731173354.0 | ||
| 008 | 150706s2005 sp a rb 000 0 spa d | ||
| 020 | _a8441321221 | ||
| 035 | _a(Sirsi) i9788441321229 | ||
| 040 |
_aPE-LiUPU _bspa _cPE-LiUPU _erda |
||
| 049 | _aPRUA | ||
| 082 | 0 | 4 |
_a220.9135 _bR69 _221 |
| 100 | 1 |
_aRoaf, Michael, _eautor. |
|
| 245 | 1 | 0 |
_aMesopotamia / _cMichael Roaf. |
| 264 | 1 |
_aBarcelona : _bFolio, _c2005. |
|
| 300 |
_a262 páginas : _bilustraciones ; _c31 centímetros. |
||
| 336 |
_atext _2rdacontent |
||
| 337 |
_aunmediated _2rdamedia |
||
| 338 |
_avolume _2rdacarrier |
||
| 490 | 0 | _aGrandes civilizaciones del pasado | |
| 504 | _aIncluye bibliografía. | ||
| 505 | 0 | _aPueblos -- Ciudades -- Imperios -- Secciones especiales -- Características de los yacimientos -- Lista de reyes -- Mapas -- Tabla cronológica. | |
| 526 | _aSEG42 | ||
| 526 | _aSEG41 | ||
| 526 | _aSEG40 | ||
| 526 | _aSEG39 | ||
| 526 | _aP94 | ||
| 526 | _aP87 | ||
| 526 | _aP86 | ||
| 526 | _aP85 | ||
| 526 | _aP77 | ||
| 526 | _aP76 | ||
| 526 | _aP35 | ||
| 541 | _g001-000474; | ||
| 650 | 0 | 4 | _aCivilización asirio-babilónica. |
| 650 | 0 | 4 |
_aOriente medio _xCivilización. |
| 910 |
_bjv _d20100823 |
||
| 942 |
_2ddc _cBOOK |
||
| 949 |
_a220.9135 R69 _wDEWEY _c1 _i62016 _d2016-10-19 _e2016-10-19 _lCCODEBUL1 _mBUL _n11 _p10.00 _r0 _sY _tBOOK _u2015-7-6 _xTEOLOGIA _PP35 _0COMPRA _o.STAFF. Colección General |
||
| 994 |
_aC0 _bPEPRU |
||
| 596 | _a1 | ||
| 999 |
_a220.9135 R69 _wDEWEY _c51130 _i62016 _d51130 _e2018-8-28 _f2021-11-9 _g5 _lCCODEBUL1 _mBUL _n12 _p10.00 _q5 _r0 _sY _tBOOK _u2015-7-6 _xTEOLOGIA _PP35 _0COMPRA _o.STAFF. Colección Teología |
||
| 980 |
_81 _gALBERTO SANCHEZ Responsable de Automatización |
||